Marvel Characters by Classic Look #2 - Statistics

General Stats
  • This quiz has been taken 46 times
  • The average score is 25 of 28
Answer Stats
Picture Answer % Correct
Black Panther
100%
Green Goblin
100%
Hawkeye
100%
Rhino
100%
Doctor Doom
98%
Falcon
98%
Loki
98%
Black Widow
95%
Lizard
95%
Mysterio
95%
Red Skull
95%
Doctor Octopus
93%
Hela
93%
Kang the Conqueror
93%
M.O.D.O.K.
93%
Mystique
93%
Juggernaut
90%
Punisher
90%
Elektra
88%
Dark Phoenix
85%
Galactus
85%
Emma Frost
76%
Leader
76%
Super-Skrull
76%
Baron Zemo
73%
Abomination
68%
Mole Man
59%
Annihilus
49%
No matching quizzes found
Score Distribution
Percent of People with Each Score
Percentile by Number Answered
Your Score History
You have not taken this quiz